000 01171nam a2200205Ia 4500
003 Ost
005 20260507075503.0
008 260507s9999||||xx |||||||||||||| ||und||
020 _a9789961010976
040 _cfsecg
041 _aara
082 _a331.12
100 _aالموسوي، ضياء مجيد
_eمؤلف
245 0 _aسوق العمل والنقابات العمالية في اقتصاد السوق الحرة /
_c ضياء مجيد الموسوي
260 _aالجزائر:
_bديوان المطبوعات الجامعية,
_c2007
300 _a209 صفحة؛
_bإيضاحات ؛
_c22 سم
520 _aسوق العمل،طلب المؤسسة على العمل،عرض العمل،أهمية الأجر عند النقابات العمالية والمساومة الجماعية،سياسة الأجر عند النقابات العمالية،نظرية الأجور في بداية القرن التاسع عشر،نماذج تحديد الأجور،النقابات العمالية في مهب رياح العولمة،النقابات العمالية والشبيبة العمالية
653 _aسوق العمل
942 _cكتاب
999 _c44704
_d44704